China's security : the new roles of the military /

Saved in:
Bibliographic Details
Main Author: Gurtov, Melvin.
Other Authors: Hwang, Byong-Moo.
Format: Book
Language:English
Published: Boulder : Lynne Rienner Publishers, 1998.
Subjects:
Tags: Add Tag
No Tags, Be the first to tag this record!
LEADER 00861pam a2200277 a 4500
001 007730221-4
005 20020606104010.5
008 970624s1998 couab b 001 0 eng
010 |a  97018254  
020 |a 1555874347 (alk. paper) 
035 0 |a ocm37213449 
040 |a DLC  |c DLC  |d DLC 
043 |a a-cc--- 
050 0 0 |a UA835  |b .G87 1998 
082 0 0 |a 355/.033051  |2 21 
100 1 |a Gurtov, Melvin. 
245 1 0 |a China's security :  |b the new roles of the military /  |c Mel Gurtov, Byong-Moo Hwang. 
260 |a Boulder :  |b Lynne Rienner Publishers,  |c 1998. 
300 |a x, 349 p. :  |b ill., map ;  |c 24 cm. 
504 |a Includes bibliographical references (p. 319-335) and index. 
650 0 |a National security  |z China. 
651 0 |a China  |x Armed Forces. 
651 0 |a China  |x Military policy. 
700 1 |a Hwang, Byong-Moo. 
988 |a 20020608 
906 |0 DLC